| 000 | 004710000a22001810004500 | ||
|---|---|---|---|
| 003 | LK-CoMWRAF | ||
| 005 | 20240227122118.0 | ||
| 008 | 230817t ||||| |||| 00| 0 eng d | ||
| 040 |
_aLK-CoMWRAF _dLK-CoMWRAF _eLK-CoMWRAF |
||
| 041 | _aeng | ||
| 082 |
_a305.4 _bHAS |
||
| 100 | _aHassan, Riffat | ||
| 245 |
_aRiffat Hassan: _bselected articles |
||
| 260 |
_aGrables _bWomen Living Under Muslim Laws, _c1994 |
||
| 300 | _a47 p. | ||
| 650 | _aWOMEN IN ISLAM | ||
| 942 | _cBK | ||
| 999 |
_c847 _d847 |
||